000 01214nam a2200325 a 4500
001 000111381
003 CHAP
005 20220329144208.0
008 150406s2015 mx a fsm |||||||spa d
010 _a107843
011 _a108815
040 _cCHAP
090 _aTesis
100 1 _aJerónimo Jiménez, Keila
_9129244
245 1 0 _aAnálisis de la condición de carga en las columnas frontales de un invernadero del campo agrícola experimental la Xerona, UACh.
_h[En línea]
_cKeila Jerónimo Jiménez.
260 _aChapingo, Méx. :
_bEl autor,
_c2015.
500 _aPara ver el contenido del material haga clic en la liga
502 _aTesis (Ing. Mecánico Agrícola ) -- UACH. Departamento de Ingeniería Agrícola
590 _aE5995AHE
_b05
_c20150406
_lUCH01
_h1039
590 _aE5995AHE
_b05
_c20150406
_lUCH01
_h1039
590 _aE5995AHE
_b05
_c20150414
_lUCH01
_h1307
650 1 4 _aColumnas.
_925488
650 1 4 _aCultivos en invernadero.
_930376
650 1 4 _aIngeniería de estructuras.
_958217
650 1 4 _aInvernaderos
_xDiseño y construcción.
_960175
856 _aFinding aid
_uhttp://10.13.5.2/tesis/sist111381.pdf
_zTeclea aquí
901 _aBK
942 _cTESIS
942 _n0
999 _c107843
_d107843